[Event "Al Ain Classic 2012"]
[Site "Al-Ain UAE"]
[Date "2012.12.26"]
[Round "5.32"]
[White "Karim, Ismael"]
[Black "Abdulov, Orkhan"]
[Result "0-1"]
[WhiteTitle "IM"]
[BlackTitle "IM"]
[WhiteElo "2383"]
[BlackElo "2387"]
[WhiteFideId "625736"]
[BlackFideId "13402714"]
[EventDate "2012.12.22"]

1. e4 c5 2. Nf3 e6 3. c3 Nf6 4. e5 Nd5 5. d4 cxd4 6. cxd4 d6 7. Bc4 dxe5 8. dxe5
Nc6 9. O-O Be7 10. Qc2 O-O 11. Nc3 Nxc3 12. bxc3 Qc7 13. Qe4 b6 14. Bd3 g6 15.
Bh6 Rd8 16. Rad1 Bb7 17. Qf4 Rd7 18. Be4 Rad8 19. Rxd7 Rxd7 20. h4 f5 21. Bxf5
Nd8 22. Bg4 Bxf3 23. Qxf3 Qxe5 24. Bf4 Qd5 25. Qg3 Qxa2 26. h5 Qc2 27. hxg6 hxg6
28. Re1 Bc5 29. Bf3 Rf7 30. Bg5 Qxc3 31. Rd1 Nc6 32. Bh4 Ne5 33. Rd8+ Kg7 34.
Qh3 Qe1+ 35. Kh2 Nxf3+ 36. gxf3 Bxf2 37. Rd5 0-1

[Event "Al Ain Classic 2012"]
[Site "Al-Ain UAE"]
[Date "2012.12.26"]
[Round "5.33"]
[White "Ali Marandi, Cemil Can"]
[Black "Nesterovskaya, Anzhelika"]
[Result "1-0"]
[WhiteTitle "FM"]
[BlackTitle "WF"]
[WhiteElo "2354"]
[BlackElo "2133"]
[WhiteFideId "6300529"]
[BlackFideId "14114895"]
[EventDate "2012.12.22"]

1. e4 d5 2. exd5 Qxd5 3. Nc3 Qd6 4. d4 Nf6 5. Nf3 a6 6. Ne5 c5 7. Be3 e6 8. Nc4
Qc7 9. dxc5 Bxc5 10. Bxc5 Qxc5 11. Na4 Qc6 12. Nab6 Nbd7 13. Nxa8 b5 14. Qd6
Qxa8 15. Nd2 Bb7 16. O-O-O h5 17. Bd3 Bxg2 18. Rhg1 h4 19. Nb3 Rh5 20. Rge1 Rd5
21. Qb4 Bf3 22. Rd2 g5 23. c4 bxc4 24. Bxc4 Rxd2 25. Nxd2 Bg4 26. Kb1 Bf5+ 27.
Ka1 Ng4 28. Bb3 Nxf2 29. Qd4 Nd3 30. Ba4 Qb7 31. Nc4 Kf8 32. Nd6 Qf3 33. Qh8+ 1-0

[Event "Al Ain Classic 2012"]
[Site "Al-Ain UAE"]
[Date "2012.12.26"]
[Round "5.34"]
[White "Rajesh, V A V"]
[Black "Khadzh Khamed, Naser"]
[Result "1-0"]
[WhiteTitle "FM"]
[WhiteElo "2370"]
[BlackElo "2021"]
[WhiteFideId "5029317"]
[BlackFideId "14118920"]
[EventDate "2012.12.22"]

1. d4 g6 2. c4 Bg7 3. Nc3 d6 4. Nf3 Nd7 5. e4 e5 6. d5 Ne7 7. Be2 h6 8. h4 f5 9.
h5 g5 10. exf5 Nf6 11. g4 Nxg4 12. Nxg5 Nxf2 13. Kxf2 hxg5 14. Bxg5 Bxf5 15. h6
Bxh6 16. Bxh6 Ng6 17. Qd2 Qd7 18. Qg5 1-0

[Event "Al Ain Classic 2012"]
[Site "Al-Ain UAE"]
[Date "2012.12.26"]
[Round "5.36"]
[White "Bharat, Vijay"]
[Black "Kawuma, Patrick"]
[Result "1-0"]
[BlackTitle "CM"]
[WhiteElo "1961"]
[BlackElo "2245"]
[WhiteFideId "5032784"]
[BlackFideId "10000127"]
[EventDate "2012.12.22"]

1. d4 Nf6 2. c4 g6 3. Nc3 Bg7 4. e4 d6 5. Bd3 O-O 6. Bg5 Nc6 7. Nge2 h6 8. Bh4
Nd7 9. Bc2 Nb4 10. Bb1 c5 11. d5 Ne5 12. a3 Na6 13. b3 Bh3 14. O-O Qd7 15. f4
Bg4 16. fxe5 Bxe5 17. Be1 f5 18. exf5 Bd4+ 19. Kh1 Bxf5 20. Bxf5 Rxf5 21. Rxf5
Qxf5 22. Ng3 Qe5 23. Rc1 Rf8 24. Qe2 Qg7 25. Nb5 Be5 26. Bc3 Bxc3 27. Nxc3 1-0

[Event "Al Ain Classic 2012"]
[Site "Al-Ain UAE"]
[Date "2012.12.26"]
[Round "5.37"]
[White "Zelesco, Karl"]
[Black "Nassajtorshizi, Amirmorteza"]
[Result "1-0"]
[WhiteElo "2154"]
[BlackElo "1999"]
[WhiteFideId "3213390"]
[BlackFideId "12511242"]
[EventDate "2012.12.22"]

1. e4 c5 2. Nf3 Nc6 3. d4 cxd4 4. Nxd4 g6 5. Nc3 Bg7 6. Be3 Nf6 7. Bc4 O-O 8.
Bb3 a5 9. O-O a4 10. Nxa4 Nxe4 11. Nb5 Ra6 12. Qd3 Nf6 13. Nc5 Ra8 14. Na4 Ra6
15. Nac3 d6 16. Rad1 Ng4 17. Bg5 Bf5 18. Qe2 Nge5 19. f4 Qb6+ 20. Kh1 Nd7 21.
Nd5 Qc5 22. h3 Nf6 23. Nxd6 Nd4 24. Nxe7+ Kh8 25. Qe5 Qxd6 26. Rxd4 Qxe5 27.
fxe5 Nh5 28. Re1 Be6 29. g4 Bxb3 30. gxh5 f6 31. axb3 fxg5 32. hxg6 Re6 33. Rd7
Re8 34. Nf5 Rxg6 35. Rxb7 1-0

[Event "Al Ain Classic 2012"]
[Site "Al-Ain UAE"]
[Date "2012.12.26"]
[Round "5.38"]
[White "Enkhtuul, Altanulzii"]
[Black "Magdy, Kassem"]
[Result "1-0"]
[WhiteTitle "WIM"]
[WhiteElo "2153"]
[BlackElo "1956"]
[WhiteFideId "4901444"]
[BlackFideId "10618791"]
[EventDate "2012.12.22"]

1. d4 d5 2. c4 c6 3. Nf3 Nf6 4. Qb3 Nbd7 5. cxd5 cxd5 6. Nc3 e6 7. Bf4 a6 8. Rc1
b5 9. a3 Bb7 10. e3 Be7 11. Bd3 O-O 12. O-O Rc8 13. Ne2 Qb6 14. Ne5 Rfd8 15.
Rfd1 Nf8 16. Bg5 Rxc1 17. Rxc1 Rc8 18. Rxc8 Bxc8 19. Qc2 Bb7 20. Ng4 Qc6 21. Qb1
Qc7 22. Bxf6 Bxf6 23. Nxf6+ gxf6 24. Ng3 f5 25. Nh5 Kh8 26. Qd1 Qd8 27. Qc2 Ng6
28. Qc5 h6 29. b3 Qd7 30. g4 Qe7 31. gxf5 exf5 32. Bxf5 Qg5+ 33. Ng3 Ne7 34. Bg4
f5 35. Bxf5 1-0

[Event "Al Ain Classic 2012"]
[Site "Al-Ain UAE"]
[Date "2012.12.26"]
[Round "5.39"]
[White "Kisuze, Stephen Ssemmango"]
[Black "Asgarova, Turan"]
[Result "0-1"]
[WhiteTitle "FM"]
[WhiteElo "2150"]
[BlackElo "1932"]
[WhiteFideId "10000186"]
[BlackFideId "13403451"]
[EventDate "2012.12.22"]

1. Nf3 d5 2. d4 e6 3. c4 Nf6 4. Nc3 Be7 5. e3 O-O 6. Bd3 b6 7. b3 Bb7 8. O-O
Nbd7 9. Bb2 c5 10. Re1 Rc8 11. Rc1 h6 12. Bb1 cxd4 13. Nxd4 dxc4 14. bxc4 Rxc4
15. Ndb5 Qb8 16. Nd4 Ba8 17. Qe2 Rcc8 18. Red1 Ne5 19. f3 Rfd8 20. Qf2 Nc4 21.
Ba1 Qe5 22. Ne4 Nxe4 23. Bxe4 Bxe4 24. Nc6 Rxd1+ 25. Rxd1 Qc7 26. Nxe7+ Qxe7 27.
fxe4 Qg5 28. Rd3 Ne5 29. Bxe5 Rc1+ 0-1

[Event "Al Ain Classic 2012"]
[Site "Al-Ain UAE"]
[Date "2012.12.26"]
[Round "5.40"]
[White "Ihsan, Jawad"]
[Black "Solomons, Anzel"]
[Result "1-0"]
[WhiteTitle "CM"]
[BlackTitle "WIM"]
[WhiteElo "2126"]
[BlackElo "1928"]
[WhiteFideId "11500263"]
[BlackFideId "14300800"]
[EventDate "2012.12.22"]

1. d4 d5 2. Nf3 Nf6 3. g3 e6 4. Bg2 Bd6 5. O-O O-O 6. c4 c6 7. b3 Nbd7 8. Bb2
dxc4 9. bxc4 c5 10. e3 Qc7 11. Nc3 a6 12. Nd2 Nb6 13. Qb3 Rd8 14. Rab1 Nbd7 15.
Nce4 Be7 16. Rfd1 Rb8 17. Rbc1 b6 18. d5 exd5 19. cxd5 Bb7 20. Ng5 Bd6 21. e4 b5
22. f4 c4 23. Qc3 Bf8 24. Kh1 Qb6 25. Nf1 Ng4 26. Nh3 Rbc8 27. Qf3 Ngf6 28. Ne3
Nc5 29. e5 Nfd7 30. Bd4 Qa5 31. Ng5 Nd3 32. Qh5 1-0

[Event "Al Ain Classic 2012"]
[Site "Al-Ain UAE"]
[Date "2012.12.26"]
[Round "5.41"]
[White "Amer, Mohammed Bishara"]
[Black "Molina, Antonio"]
[Result "1/2-1/2"]
[BlackTitle "FM"]
[WhiteElo "1924"]
[BlackElo "2099"]
[WhiteFideId "12200719"]
[BlackFideId "5201365"]
[EventDate "2012.12.22"]

1. e4 c5 2. Nf3 d6 3. d4 cxd4 4. Nxd4 Nf6 5. Bd3 Nbd7 6. Be3 Nc5 7. Nd2 a6 8. h3
e5 9. N4b3 Nxd3+ 10. cxd3 d5 11. O-O h6 12. f4 exf4 13. Rxf4 Bd6 14. Rf1 dxe4
15. Nxe4 Nxe4 16. dxe4 O-O 17. Qf3 Qe7 18. Rad1 Be6 19. Nd4 Bc5 20. Kh1 Rfe8 21.
Nxe6 Bxe3 22. Nxg7 Kxg7 23. Qxe3 Qxe4 24. Qg3+ Qg6 1/2-1/2

[Event "Al Ain Classic 2012"]
[Site "Al-Ain UAE"]
[Date "2012.12.26"]
[Round "5.42"]
[White "Sayed, Hussain"]
[Black "Wallis, Christopher"]
[Result "0-1"]
[BlackTitle "FM"]
[WhiteElo "1970"]
[BlackElo "2283"]
[WhiteFideId "10618830"]
[BlackFideId "3204839"]
[EventDate "2012.12.22"]

1. e4 e6 2. d4 d5 3. exd5 exd5 4. Bf4 Nf6 5. Nd2 c5 6. Ngf3 Nc6 7. a3 cxd4 8. h3
Qb6 9. Nb3 Bc5 10. Bd3 O-O 11. O-O Ne4 12. Nfd2 Nxd2 13. Nxd2 Be6 14. b4 Be7 15.
Qf3 Bf6 16. Qg3 Rac8 17. Nf3 Ne7 18. Bd6 Nf5 19. Bxf5 Bxf5 20. Bxf8 Kxf8 21.
Rac1 Qc7 22. Qxc7 Rxc7 23. Rfd1 Rc4 24. g4 Bxc2 25. g5 Bxd1 26. Rxd1 Be7 27. h4
Rc3 28. Nxd4 Rxa3 29. Re1 Bxb4 0-1

[Event "Al Ain Classic 2012"]
[Site "Al-Ain UAE"]
[Date "2012.12.26"]
[Round "5.43"]
[White "Abdalla, Sayed"]
[Black "Bennett, John M"]
[Result "1/2-1/2"]
[WhiteElo "2009"]
[BlackElo "2066"]
[WhiteFideId "10619640"]
[BlackFideId "403261"]
[EventDate "2012.12.22"]

1. d4 f5 2. c4 Nf6 3. Nc3 d6 4. Nf3 g6 5. e3 Bg7 6. b4 O-O 7. Be2 c6 8. Bb2 Na6
9. a3 Nc7 10. O-O Ne4 11. Qc2 d5 12. Rad1 e6 13. Ne5 Bh6 14. Bc1 Ne8 15. f3 Nxc3
16. Qxc3 Nf6 17. Qe1 Nd7 18. Qg3 Nxe5 19. dxe5 a5 20. c5 b6 21. h4 axb4 22. axb4
bxc5 23. bxc5 Ra2 24. Bd3 Qe7 25. f4 Qxc5 26. Bb1 Ra4 27. h5 Ba6 28. Rf2 Kf7 29.
hxg6+ hxg6 30. Bb2 Qb5 31. Bc2 Ra2 32. Rb1 1/2-1/2

[Event "Al Ain Classic 2012"]
[Site "Al-Ain UAE"]
[Date "2012.12.26"]
[Round "5.44"]
[White "Bibasa, Bob"]
[Black "Saydaliev, Saidakbar"]
[Result "1-0"]
[WhiteTitle "CM"]
[WhiteElo "2218"]
[BlackElo "1950"]
[WhiteFideId "10000240"]
[BlackFideId "14203693"]
[EventDate "2012.12.22"]

1. e4 c5 2. Nf3 e6 3. d3 d6 4. g3 Nc6 5. Bg2 g6 6. O-O Bg7 7. c3 e5 8. Na3 Nge7
9. Nc2 O-O 10. d4 exd4 11. cxd4 Bg4 12. d5 Ne5 13. Bf4 Nxf3+ 14. Bxf3 Bxf3 15.
Qxf3 b5 16. Rab1 Qd7 17. h4 f5 18. Rfe1 Rae8 19. exf5 Nxf5 20. b4 c4 21. Rxe8
Qxe8 22. Re1 Qf7 23. Re6 Nxh4 24. Qe2 Nf5 25. Bxd6 Nxd6 26. Rxd6 Re8 27. Re6 Rd8
28. Qe4 c3 29. Kg2 Qd7 30. Ne3 Bf8 31. a3 Qc7 32. Rc6 Qg7 33. Qd3 Bd6 34. Qxc3 1-0

[Event "Al Ain Classic 2012"]
[Site "Al-Ain UAE"]
[Date "2012.12.27"]
[Round "6.1"]
[White "Kotanjian, Tigran"]
[Black "Kotsur, Pavel"]
[Result "1-0"]
[WhiteTitle "GM"]
[BlackTitle "GM"]
[WhiteElo "2518"]
[BlackElo "2550"]
[WhiteFideId "13301250"]
[BlackFideId "13700278"]
[EventDate "2012.12.22"]

1. d4 e6 2. c4 Nf6 3. Nc3 Bb4 4. Qc2 O-O 5. a3 Bxc3+ 6. Qxc3 Ne4 7. Qc2 f5 8. g3
Qf6 9. e3 Nc6 10. b4 e5 11. d5 Nd8 12. Bb2 d6 13. f3 Ng5 14. f4 Ngf7 15. Nf3 Qe7
16. Qc3 Re8 17. c5 Qf8 18. Bc4 Kh8 19. O-O Bd7 20. Rae1 e4 21. Nd4 Nh6 22. Bb3
Ng4 23. Rc1 a6 24. cxd6 cxd6 25. Qd2 Nf6 26. Rc7 Re7 27. Rfc1 Ne8 28. R7c2 h6
29. a4 Kh7 30. b5 axb5 31. axb5 b6 32. Nc6 Nb7 33. Nxe7 Qxe7 34. Bc4 Nc5 35. Ra1
Rc8 36. Ra7 Rc7 37. Ra8 Rb7 38. Qb4 Nc7 39. Ra1 Qe8 40. Bd4 Bxb5 41. Rca2 Bxc4
42. Qxc4 Qf7 43. Ra7 Nxd5 44. Rxb7 Qxb7 45. Rb1 Qc6 46. Qb5 Qxb5 47. Rxb5 Kg6
48. Rb1 Kf7 49. Ra1 g6 50. Ra7+ Ke6 51. Rg7 Ne7 52. Rh7 h5 53. Rh8 Nc6 54. Ba1
Nb3 55. Bc3 b5 56. Rg8 Kd5 57. Rxg6 b4 58. Bh8 Nc5 59. Rg5 Ne7 60. Rxh5 Kc4 61.
Rh6 b3 62. Rxd6 Nd5 63. h4 Nc3 64. Rd4+ Kb5 65. Rd2 Kc4 66. h5 1-0

[Event "Al Ain Classic 2012"]
[Site "Al-Ain UAE"]
[Date "2012.12.27"]
[Round "6.2"]
[White "Vachier-Lagrave, Maxime"]
[Black "Paragua, Mark"]
[Result "1/2-1/2"]
[WhiteTitle "GM"]
[BlackTitle "GM"]
[WhiteElo "2711"]
[BlackElo "2533"]
[WhiteFideId "623539"]
[BlackFideId "5201241"]
[EventDate "2012.12.22"]

1. c4 g6 2. Nf3 Bg7 3. d4 Nf6 4. Nc3 O-O 5. g3 c6 6. Bg2 d5 7. cxd5 cxd5 8. Ne5
e6 9. O-O Bd7 10. Bf4 Nc6 11. Qd2 Nh5 12. Bg5 f6 13. Nxc6 Bxc6 14. Be3 f5 15.
Bh6 Bxh6 16. Qxh6 f4 17. Rad1 Qd6 18. e4 f3 19. e5 Qb4 20. Bh3 Ng7 21. Qd2 Qe7
22. Rfe1 h5 23. Rc1 g5 24. Nd1 g4 25. Bf1 h4 26. Bd3 Nf5 27. Bxf5 Rxf5 28. Qh6
Raf8 29. Ne3 Rg5 30. gxh4 Rg7 31. Kh1 g3 32. hxg3 Rh7 33. Qg6+ Rg7 34. Qh6 Rh7
35. Qg6+ Rg7 1/2-1/2

[Event "Al Ain Classic 2012"]
[Site "Al-Ain UAE"]
[Date "2012.12.27"]
[Round "6.3"]
[White "Kravtsiv, Martyn"]
[Black "Miroshnichenko, Evgenij"]
[Result "1/2-1/2"]
[WhiteTitle "GM"]
[BlackTitle "GM"]
[WhiteElo "2593"]
[BlackElo "2628"]
[WhiteFideId "14113147"]
[BlackFideId "14102595"]
[EventDate "2012.12.22"]

1. e4 Nf6 2. e5 Nd5 3. d4 d6 4. Nf3 dxe5 5. Nxe5 c6 6. Be2 Bf5 7. O-O Nd7 8. Bg4
Bxg4 9. Qxg4 g6 10. Nd2 Bg7 11. Qe4 N7f6 12. Qf3 O-O 13. Re1 Qc7 14. c3 Rad8 15.
Nb3 Nd7 16. Nxd7 Qxd7 17. Nc5 Qc8 18. Bg5 Rfe8 19. a3 Nf6 20. Nd3 Qd7 21. Nc5
Qc8 22. h3 Rd5 23. Bh4 Rf5 24. Qe2 Rd5 25. Qf3 Rf5 1/2-1/2

[Event "Al Ain Classic 2012"]
[Site "Al-Ain UAE"]
[Date "2012.12.27"]
[Round "6.4"]
[White "Wang, Yue"]
[Black "Sveshnikov, Evgeny"]
[Result "1-0"]
[WhiteTitle "GM"]
[BlackTitle "GM"]
[WhiteElo "2696"]
[BlackElo "2514"]
[WhiteFideId "8601429"]
[BlackFideId "4100638"]
[EventDate "2012.12.22"]

1. c4 e6 2. g3 d5 3. Bg2 Nf6 4. Nf3 dxc4 5. Qa4+ Nbd7 6. Qxc4 a6 7. Qb3 Bd6 8.
O-O O-O 9. Nc3 e5 10. Rd1 c5 11. a4 h6 12. d3 Re8 13. Nd2 Nf8 14. Nde4 Nxe4 15.
Nxe4 Ne6 16. Be3 Bf8 17. Rdc1 Nd4 18. Bxd4 cxd4 19. Nc5 Bxc5 20. Rxc5 b6 21. Rc6
Rb8 22. Rac1 Be6 23. Qa3 Qe7 24. Qxe7 Rxe7 25. Be4 Kf8 26. f4 Bd7 27. R6c4 Be6
28. Rb4 a5 29. Rb5 exf4 30. gxf4 Bd7 31. Rd5 Bxa4 32. Rxd4 Bb3 33. Kf2 b5 34.
Rc3 Be6 35. f5 Bd7 36. Rc5 Be8 37. f6 gxf6 38. Rh5 Rc7 39. Rxh6 Rc2 40. b4 axb4
41. Rh8+ Ke7 42. Rxb4 Rb6 43. h4 f5 44. Bxf5 Rf6 45. Re4+ Kd6 46. Rhxe8 Rxf5+
47. Ke3 Rb2 48. Rb8 Kc7 49. Rg8 Rf1 50. h5 f5 51. Rh4 f4+ 52. Kd4 f3 53. e4 f2
54. Rf8 Rd1 55. h6 f1=Q 56. Rxf1 Rxf1 57. h7 Rf8 58. h8=Q Rxh8 59. Rxh8 Rc2 60.
Rh1 Kb6 61. Rb1 Kc6 62. Rb3 Re2 63. Rc3+ Kb6 64. Rc1 Rh2 65. e5 Re2 66. Kd5 b4
67. Rc8 Ka5 68. Ra8+ Kb5 69. Rb8+ Ka4 70. d4 Kb3 71. e6 Kc3 72. Kd6 b3 73. d5 b2
74. e7 Re1 75. Kd7 1-0

[Event "Al Ain Classic 2012"]
[Site "Al-Ain UAE"]
[Date "2012.12.27"]
[Round "6.5"]
[White "Edouard, Romain"]
[Black "Raetsky, Alexander"]
[Result "1-0"]
[WhiteTitle "GM"]
[BlackTitle "GM"]
[WhiteElo "2686"]
[BlackElo "2427"]
[WhiteFideId "633429"]
[BlackFideId "4103203"]
[EventDate "2012.12.22"]

1. e4 c5 2. Nf3 Nc6 3. d4 cxd4 4. Nxd4 Nf6 5. Nc3 d6 6. Bg5 e6 7. Qd2 a6 8.
O-O-O h6 9. Nxc6 bxc6 10. Bf4 d5 11. Qe3 Be7 12. Be2 O-O 13. h4 Nh7 14. g4 Bxh4
15. Kb1 Bg5 16. Bxg5 Qxg5 17. f4 Qe7 18. g5 d4 19. Qxd4 e5 20. Qa4 exf4 21. gxh6
g5 22. Qxc6 Rb8 23. Rd6 Kh8 24. Qc5 g4 25. Rf1 f3 26. Bxf3 gxf3 27. Rxf3 f6 28.
b3 Bg4 29. Rfd3 Ng5 30. Qg1 Be6 31. Rxa6 Bc4 32. Ra7 Rb7 33. Rxb7 Qxb7 34. Rg3
Rg8 35. Qd4 1-0

[Event "Al Ain Classic 2012"]
[Site "Al-Ain UAE"]
[Date "2012.12.27"]
[Round "6.6"]
[White "Sanal, Vahap"]
[Black "Parligras, Mircea-Emilian"]
[Result "0-1"]
[WhiteTitle "FM"]
[BlackTitle "GM"]
[WhiteElo "2382"]
[BlackElo "2628"]
[WhiteFideId "6300545"]
[BlackFideId "1204297"]
[EventDate "2012.12.22"]

1. e4 c6 2. d4 d5 3. e5 Bf5 4. Be3 e6 5. Nd2 Nd7 6. Be2 Ne7 7. f4 Qb6 8. Qc1 g5
9. Ngf3 gxf4 10. Bxf4 Ng6 11. Bg5 h6 12. Be3 Ndxe5 13. h3 Nxf3+ 14. Nxf3 Rg8 15.
c3 O-O-O 16. Qd2 Be4 17. O-O-O Qa5 18. a3 Qb6 19. Bd3 Qc7 20. Rhf1 f5 21. Ne1 h5
22. Be2 Nh4 23. g3 Ng2 24. Nxg2 Bxg2 25. Rg1 Bxh3 26. Bxh5 Bd6 27. Bf4 Bg4 28.
Bxg4 Rxg4 29. Rgf1 Rh8 30. Rde1 Bxf4 31. gxf4 Rh6 32. Kb1 Qg7 33. Rf2 Rg1 34.
Ka2 Rgg6 35. Rfe2 a6 36. Qc2 Kb8 37. Qb3 Qc7 38. Re5 Ka7 39. R1e2 Qb6 40. Qc2
Qb5 41. Qd2 a5 42. Re1 a4 43. R5e3 Qc4+ 44. Kb1 Kb6 45. R3e2 Rg4 46. Rf2 Rg3 47.
Rfe2 Rd3 48. Qc1 Rf3 49. Qd2 Rh4 50. Rf2 Rxf2 51. Qxf2 Qd3+ 52. Ka2 Rh6 53. Qg2
Ka7 54. Qf2 Rg6 55. Ka1 Rg3 56. Ka2 Rf3 57. Qh4 Qb5 58. Qh2 Rxc3 0-1

[Event "Al Ain Classic 2012"]
[Site "Al-Ain UAE"]
[Date "2012.12.27"]
[Round "6.7"]
[White "Ehlvest, Jaan"]
[Black "Hungaski, Robert Andrew"]
[Result "1-0"]
[WhiteTitle "GM"]
[BlackTitle "IM"]
[WhiteElo "2603"]
[BlackElo "2469"]
[WhiteFideId "4500016"]
[BlackFideId "2021030"]
[EventDate "2012.12.22"]

1. d4 Nf6 2. Nf3 e6 3. c4 Bb4+ 4. Bd2 a5 5. Nc3 b6 6. Bg5 Bb7 7. Nd2 d5 8. cxd5
exd5 9. e3 O-O 10. Bd3 Nbd7 11. O-O h6 12. Bh4 Re8 13. Rc1 Be7 14. Qa4 c6 15.
Rfe1 Nf8 16. Qb3 N6d7 17. Bg3 Ne6 18. Nf3 Bf6 19. Rcd1 Qe7 20. Bb1 Qb4 21. Qc2
g6 22. a3 Qf8 23. Ba2 Qg7 24. Qd2 Rad8 25. h3 Ndf8 26. Ne5 Bxe5 27. Bxe5 f6 28.
Bg3 f5 29. f3 Kh7 30. Be5 Qe7 31. e4 dxe4 32. fxe4 f4 33. Qf2 g5 34. d5 Ng6 35.
dxc6 Nxe5 36. Nd5 Qg7 37. cxb7 Nc5 38. Bb1 Qxb7 39. Nf6+ Kg7 40. Nxe8+ Rxe8 41.
b4 axb4 42. axb4 Ncd7 43. Ba2 Qc6 44. Rc1 Qd6 45. Qb2 Qf6 46. Qd2 Nf8 47. Rc7+
Kh8 48. Rec1 Rd8 49. Qc3 Rd3 50. Qa1 Nfd7 51. Bc4 Rd2 52. Qa8+ Nf8 53. Rf7 Rd8
54. Rxf6 Rxa8 55. Bd5 Kg7 56. Rxb6 Ra7 57. b5 f3 58. Ra6 Re7 59. b6 Nfd7 60. b7
f2+ 61. Kf1 1-0

[Event "Al Ain Classic 2012"]
[Site "Al-Ain UAE"]
[Date "2012.12.27"]
[Round "6.8"]
[White "Kazhgaleyev, Murtas"]
[Black "Moosavian, S.Hamed"]
[Result "1/2-1/2"]
[WhiteTitle "GM"]
[BlackTitle "IM"]
[WhiteElo "2596"]
[BlackElo "2377"]
[WhiteFideId "13700316"]
[BlackFideId "12501930"]
[EventDate "2012.12.22"]

1. d4 e6 2. c4 f5 3. Nc3 Nf6 4. Qc2 d5 5. Bf4 c6 6. e3 Be7 7. Bd3 Ne4 8. f3 Nxc3
9. bxc3 O-O 10. Ne2 c5 11. O-O Nc6 12. Rad1 Na5 13. dxc5 Bxc5 14. cxd5 e5 15.
Bxe5 Bxe3+ 16. Kh1 Qxd5 17. Bf4 Bxf4 18. Nxf4 Qf7 19. Qa4 b6 20. Bb5 Be6 21.
Nxe6 Qxe6 22. Bd7 Qf7 23. c4 Kh8 24. Rd5 Rad8 25. Rfd1 Nxc4 26. Rxf5 Qxf5 27.
Bxf5 Nb2 28. Rxd8 Rxd8 29. Qc2 Rd1+ 30. Qxd1 Nxd1 31. Kg1 b5 32. Be6 a5 33. Kf1
Ne3+ 34. Kf2 Nc2 35. Bd7 b4 36. Ba4 Na3 37. Ke3 Nb1 38. Kd4 Nc3 39. Bb3 a4 40.
Bc4 Nd1 41. Kc5 b3 42. Bxb3 axb3 43. axb3 Kg8 44. b4 Kf7 45. b5 Ke7 46. Kc6 Nb2
47. b6 Nc4 48. b7 Na5+ 49. Kc7 Nxb7 50. Kxb7 Kd6 51. Kc8 h5 52. Kd8 g5 53. Ke8
Ke6 54. Kf8 Kf6 55. g3 h4 56. Kg8 Kg6 57. Kh8 Kh6 58. Kg8 Kg6 59. Kf8 Kf6 60.
Ke8 h3 61. Kf8 Ke5 62. Kg7 Kd4 63. g4 Ke3 64. Kf6 Kxf3 65. Kxg5 1/2-1/2

[Event "Al Ain Classic 2012"]
[Site "Al-Ain UAE"]
[Date "2012.12.27"]
[Round "6.9"]
[White "Bakre, Tejas"]
[Black "Senador, Emmanuel"]
[Result "0-1"]
[WhiteTitle "GM"]
[BlackTitle "IM"]
[WhiteElo "2492"]
[BlackElo "2352"]
[WhiteFideId "5004195"]
[BlackFideId "5200601"]
[EventDate "2012.12.22"]

1. c4 e6 2. Nc3 Nf6 3. d4 c5 4. Nf3 d5 5. cxd5 exd5 6. g3 Nc6 7. Bg2 Be7 8. O-O
O-O 9. dxc5 Bxc5 10. Na4 Be7 11. Be3 Bg4 12. Rc1 Qd7 13. Nc5 Bxc5 14. Bxc5 Rfe8
15. Re1 Ne4 16. Be3 Rad8 17. Nd4 Bh3 18. Bh1 Ne5 19. f3 Nd6 20. b3 a6 21. Bf2 h5
22. Qd2 Qe7 23. Qa5 Rd7 24. Rc5 Nb5 25. Nxb5 axb5 26. Qxb5 d4 27. Rd5 Rxd5 28.
Qxd5 Rd8 29. Qe4 Qf6 30. Rd1 Bf5 31. Qxb7 d3 32. exd3 Nxd3 33. Qa7 Rd7 34. Qa8+
Kh7 35. Be3 Qe5 36. Bb6 Qe2 37. Rf1 g6 38. f4 Ne1 39. Bf2 Bh3 40. Rxe1 Rd1 0-1

[Event "Al Ain Classic 2012"]
[Site "Al-Ain UAE"]
[Date "2012.12.27"]
[Round "6.10"]
[White "Bajarani, Ulvi"]
[Black "Esen, Baris"]
[Result "1-0"]
[WhiteTitle "IM"]
[BlackTitle "GM"]
[WhiteElo "2425"]
[BlackElo "2576"]
[WhiteFideId "13403028"]
[BlackFideId "6302114"]
[EventDate "2012.12.22"]

1. Nf3 Nf6 2. c4 e6 3. d4 Bb4+ 4. Bd2 a5 5. g3 d6 6. Bg2 Nbd7 7. O-O e5 8. dxe5
dxe5 9. Nc3 c6 10. Ne1 Nb6 11. b3 Bf5 12. Qc1 O-O 13. Nc2 Bc5 14. Be3 Qe7 15.
Bxc5 Qxc5 16. Qe3 Nfd7 17. Qxc5 Nxc5 18. Ne3 Be6 19. Rab1 f5 20. f4 exf4 21.
gxf4 Rfd8 22. Rfd1 Kf7 23. Nc2 Kf6 24. Nd4 g6 25. e3 Bf7 26. Kf2 Re8 27. Bf1 Re7
28. Nc2 Rd7 29. Rxd7 Ncxd7 30. Nd4 Ke7 31. e4 fxe4 32. Nxe4 Nf6 33. Nc5 Rb8 34.
Re1+ Kd6 35. Nd3 Nbd7 36. Ne5 Bg8 37. a3 Rf8 38. Bh3 Nb6 39. Be6 Kc7 40. Bxg8
Rxg8 41. c5 Nbd5 42. Nc4 Nh5 43. Ne6+ Kd7 44. Nxa5 Nhxf4 45. Nxf4 Nxf4 46. Kg3
Ne6 47. b4 Nd8 48. Rd1+ Kc7 49. Nc4 Re8 50. Rf1 Re7 51. Rf8 Re4 52. Nb6 Re3+ 53.
Rf3 Re7 54. Rd3 Nf7 55. a4 Nh6 56. b5 Nf5+ 57. Kf2 Rf7 58. Ke1 g5 59. Nc4 g4 60.
b6+ Kc8 61. a5 h5 62. a6 bxa6 63. Na5 Rf8 64. Nxc6 h4 65. Na7+ Kb8 66. Rd7 Re8+
67. Kd2 Re7 1-0

[Event "Al Ain Classic 2012"]
[Site "Al-Ain UAE"]
[Date "2012.12.27"]
[Round "6.11"]
[White "Grigoryan, Karen H."]
[Black "Ibrayev, Nurlan"]
[Result "1-0"]
[WhiteTitle "IM"]
[BlackTitle "GM"]
[WhiteElo "2513"]
[BlackElo "2406"]
[WhiteFideId "13301004"]
[BlackFideId "13700650"]
[EventDate "2012.12.22"]

1. d4 g6 2. e4 Bg7 3. Nc3 d6 4. Bg5 a6 5. h4 h5 6. Qd2 Nd7 7. O-O-O b5 8. e5 Nb6
9. Bd3 dxe5 10. dxe5 Bb7 11. e6 f5 12. Qf4 Nd5 13. Nxd5 Qxd5 14. Qxc7 Nf6 15.
Ne2 Rc8 16. Qa5 Ne4 17. Qa3 Nxg5 18. Nf4 Qe5 19. Nxg6 Qf6 20. Bxf5 Nxe6 21. Rhe1
Rc6 22. Be4 Rc7 23. Nxh8 Bxh8 24. Bxb7 Rxb7 25. Qb3 Rb6 26. Re3 Bg7 27. Kb1 Bh6
28. Rf3 Qxh4 29. Qd3 Rd6 30. Qg6+ Kd7 31. Rxd6+ exd6 32. Qxh6 Qh1+ 33. Qc1 Qxg2
34. Rf7+ Kc6 35. Rh7 Qf3 36. a3 Nd4 37. Qd2 Qh1+ 38. Ka2 Qd5+ 39. b3 Qf5 40.
Qc3+ Kd5 41. Qd3 Qxf2 42. Rxh5+ Kc6 43. Kb2 Ne2 44. Qd5+ 1-0